| 000 | 00711cam a22002291 4500 | ||
|---|---|---|---|
| 001 | gs 26000257 | ||
| 003 | DLC | ||
| 005 | 20260227111330.0 | ||
| 008 | 741204s1900 xx 000 0 ger | ||
| 010 | _ags 26000257 | ||
| 035 | _a(OCoLC)1098702 | ||
| 040 |
_aDLC _cTxDW _dDLC |
||
| 042 | _apremarc | ||
| 050 | 0 | 0 |
_aQA55 _b.B9 |
| 100 | 1 |
_aBruhns, C. _q(Carl), _d1830-1881. |
|
| 245 | 1 | 0 |
_aNeues logarithmisch-trigonometrisches handbuch auf sieben decimalen, _cbearbeitet von dr. C. Bruhns. |
| 250 | _a13. stereotypausg. | ||
| 260 |
_aNew York, _bG. E. Stechert & co., _c19--? |
||
| 300 |
_axxiii, [iv]-xxiii, [1], 610 p. _btables. _c25 cm. |
||
| 500 | _aPrinted in Austria. | ||
| 650 | 0 |
_aMathematics _xTables. |
|
| 999 |
_c26475 _d26475 |
||